| 000 | 00477nam a2200181Ia 4500 | ||
|---|---|---|---|
| 008 | 191130s1973##################000#0#eng## | ||
| 020 | _a9780141026442 | ||
| 040 |
_aACL _cACL |
||
| 082 | _a398.22 DAW | ||
| 100 | _aDawood, N. J | ||
| 245 |
_aThe voyages of Sindbad _ctranslated by N.J. Dawood |
||
| 260 |
_aLondon _bPenguin Classics _c1973 |
||
| 300 | _a100 p | ||
| 650 | _aFairy tales | ||
| 990 | _a5e93ef1dac10000c53bc2236d3117753 | ||
| 991 | _a440813 | ||
| 999 |
_c75223 _d75223 |
||